History, literature, and Identity : (Record no. 53321)

MARC details
000 -LEADER
fixed length control field 01010nam a22002777a 4500
005 - DATE AND TIME OF LATEST TRANSACTION
control field 20110608103154.0
008 - FIXED-LENGTH DATA ELEMENTS--GENERAL INFORMATION
fixed length control field 110628t xxu||||| |||| 00| 0 eng d
010 ## - LCCN (DPL NO)
LC control number ENG-102720
020 ## - INTERNATIONAL STANDARD BOOK NUMBER
International Standard Book Number 9780198070740
Terms of availability 850.00
020 ## - INTERNATIONAL STANDARD BOOK NUMBER
International Standard Book Number 0198070748
Terms of availability 850.00
035 ## - SYSTEM CONTROL NUMBER
System control number EN-86253
037 ## - SOURCE OF ACQUISITION
Source of stock number/acquisition DBAD / PUB
040 ## - CATALOGING SOURCE
Original cataloging agency dpl
Language of cataloging English
082 ## - DEWEY DECIMAL CLASSIFICATION NUMBER
Classification number 954.07
100 ## - MAIN ENTRY--PERSONAL NAME
9 (RLIN) 28493
Personal name Grewal, J.S.
245 ## - TITLE STATEMENT
Title History, literature, and Identity :
Statement of responsibility, etc by J.S. Grewal
Remainder of title four centuries of Sikh tradition /
260 ## - PUBLICATION, DISTRIBUTION, ETC. (IMPRINT)
Place of publication, distribution, etc New Delhi
Name of publisher, distributor, etc Oxford University Press
Date of publication, distribution, etc 2011
270 ## - ADDRESS
Address YMCA Library Building, Jai Singh Road
City New Delhi
Postal code 110001
300 ## - PHYSICAL DESCRIPTION
Extent xiv,332 p. :
Dimensions 22cm (Hb)
Other physical details ill
500 ## - GENERAL NOTE
General note Includes bibliographcal references and index
650 ## - SUBJECT ADDED ENTRY--TOPICAL TERM
9 (RLIN) 28496
650 ## - SUBJECT ADDED ENTRY--TOPICAL TERM
9 (RLIN) 28522
700 ## - ADDED ENTRY--PERSONAL NAME
9 (RLIN) 28520
942 ## - ADDED ENTRY ELEMENTS (KOHA)
Source of classification or shelving scheme Dewey Decimal Classification
Item type English Books
Call number suffix GRE
Classification part 954.07
Holdings
Withdrawn status Lost status Source of classification or shelving scheme Damaged status Not for loan Collection code Home library Current library Date acquired Source of acquisition Cost, normal purchase price Total Checkouts Full call number Barcode Date last seen Copy number Cost, replacement price Koha item type
    Dewey Decimal Classification   Not For Loan Non-fiction D.B.Act.Division D.B.Act.Division 28/06/2011 DBAD / PUB 850.00   954.07 GRE EN-86253 28/06/2011 1 850.00 English Books

© Delhi Public Library
Hit Counter
free hit counter